| 000 | 00458nam a2200157 i 4500 | ||
|---|---|---|---|
| 001 | 69629 | ||
| 003 | ES-MaACL | ||
| 005 | 20230906170549.0 | ||
| 007 | t| | ||
| 008 | 040708s1960 sp ||||1| spa d | ||
| 100 | 1 |
_aGarcía D. Figar, Antonio. _954397 |
|
| 245 | 1 | 0 |
_aCatecismo de moralidad profesional / _cAntonio García D. Figar. |
| 260 |
_aMadrid : _b[s.n., _c1960] ( _fImp. Murillo) |
||
| 300 |
_a198 p. ; _c14 cm. |
||
| 852 |
_aES-MaACL _jD-5235 _bR.47584 |
||
| 999 |
_c69629 _d69629 |
||